<?xml version="1.0" encoding="UTF-8"?>
<marc:record xmlns:marc="http://www.loc.gov/MARC21/slim">
   <marc:leader>00000nam a2200000 a 4500</marc:leader>
   <marc:datafield ind1="1" ind2=" " tag="100">
      <marc:subfield code="a">Caramelle, Franz</marc:subfield>
      <marc:subfield code="4">ctb</marc:subfield>
      <marc:subfield code="e">Mitwirkende/-r</marc:subfield>
   </marc:datafield>
   <marc:datafield ind1="1" ind2=" " tag="100">
      <marc:subfield code="a">Pawlowski, Hella</marc:subfield>
      <marc:subfield code="4">ctb</marc:subfield>
      <marc:subfield code="e">Mitwirkende/-r</marc:subfield>
   </marc:datafield>
   <marc:datafield ind1=" " ind2=" " tag="653">
      <marc:subfield code="a">Softcover</marc:subfield>
   </marc:datafield>
   <marc:datafield ind1=" " ind2=" " tag="653">
      <marc:subfield code="a">Karte</marc:subfield>
   </marc:datafield>
   <marc:datafield ind1=" " ind2=" " tag="653">
      <marc:subfield code="a">Bildband</marc:subfield>
   </marc:datafield>
   <marc:datafield ind1="0" ind2="0" tag="245">
      <marc:subfield code="a">Tirol</marc:subfield>
   </marc:datafield>
   <marc:datafield ind1="0" ind2="0" tag="245">
      <marc:subfield code="c">Vorw. von Fritz Prior. Texte von Franz Caramelle und Ingo Schneider. Fotos von Hella Pawlowski u.a. Gestaltet von Jochen Pabst</marc:subfield>
   </marc:datafield>
   <marc:datafield ind1=" " ind2="1" tag="264">
      <marc:subfield code="a">Innsbruck</marc:subfield>
      <marc:subfield code="b">Tyrolia-Verl.</marc:subfield>
      <marc:subfield code="c">2005</marc:subfield>
   </marc:datafield>
   <marc:datafield ind1=" " ind2=" " tag="250">
      <marc:subfield code="a">Veränd. Neuaufl.</marc:subfield>
   </marc:datafield>
   <marc:datafield ind1="1" ind2=" " tag="520">
      <marc:subfield code="a">Angaben aus der Verlagsmeldung

Tirol / von Franz Caramelle, Ingo Schneider, Hella Pawlowski

Die Neuauflage des Bildband-Klassikers!

Franz Caramelles „Tirol“ gilt seit Jahren und bis heute zurecht als der klassische Tirol-Bildband: Verfasst von einem der besten Kenner der Tiroler Kulturgeschichte, zeigt er in mit Bedacht ausgewählten Texten und Bildern der Innsbrucker Fotografin Hella Pawlowski einen repräsentativen Querschnitt durch das reiche Kunst- und Kulturerbe des Landes und führt dessen landschaftliche Schönheit und kulturelle Bedeutung vor Augen. Die einzelnen Kapitel widmen sich den Themen Land in den Bergen, Haus und Hof, Kirchen und Klöster, Burgen und Schlösser und Tiroler Städte.
Das zweisprachig (deutsch/englisch) angelegte Buch ist nicht nur als Geschenk für Gäste und Freunde Tirols gedacht, sondern empfehlenswert für jeden Tiroler, der seine Heimat noch besser kennen lernen möchte.
</marc:subfield>
   </marc:datafield>
   <marc:datafield ind1=" " ind2=" " tag="020">
      <marc:subfield code="a">9783702226947</marc:subfield>
      <marc:subfield code="9">9783702226947</marc:subfield>
   </marc:datafield>
   <marc:datafield ind1=" " ind2=" " tag="020">
      <marc:subfield code="a">370222694X</marc:subfield>
      <marc:subfield code="9">370222694X</marc:subfield>
   </marc:datafield>
   <marc:datafield ind1=" " ind2=" " tag="041">
      <marc:subfield code="a">ger</marc:subfield>
   </marc:datafield>
   <marc:datafield ind1=" " ind2=" " tag="300">
      <marc:subfield code="a">142 S.</marc:subfield>
   </marc:datafield>
</marc:record>
